Claude Chabrol / (Record no. 133629)

MARC details
000 -LEADER
campo de control de longitud fija 00695nam a2200229 i 4500
001 - NÚMERO DE CONTROL
campo de control 133629
003 - IDENTIFICADOR DE NÚMERO DE CONTROL
campo de control ES-MaACL
005 - FECHA Y HORA DE LA ÚLTIMA TRANSACCIÓN
campo de control 20250814083538.0
007 - CAMPO FIJO DE DESCRIPCIÓN FÍSICA--INFORMACIÓN GENERAL
campo de control de longitud fija t|
008 - DATOS DE LONGITUD FIJA--INFORMACIÓN GENERAL
campo de control de longitud fija 070822s1972 sp ||||1| spa d
100 1# - ENTRADA PRINCIPAL--NOMBRE DE PERSONA
Nombre de persona Wood, Robin.
9 (RLIN) 117319
245 10 - MENCIÓN DEL TÍTULO
Título Claude Chabrol /
Mención de responsabilidad, etc. Robin Wood y Michael Walker ; [traductor Miguel Marías].
260 ## - PUBLICACIÓN, DISTRIBUCIÓN, ETC.
Lugar de publicación, distribución, etc. [Madrid] :
Nombre del editor, distribuidor, etc. Fundamentos,
Fecha de publicación, distribución, etc. [1972]
300 ## - DESCRIPCIÓN FÍSICA
Extensión 215 p. :
Otras características físicas il. ;
Dimensiones 20 cm.
490 1# - MENCIÓN DE SERIE
Mención de serie Arte ;
Designación de volumen o secuencia 29.
Mención de serie Cine
600 14 - PUNTO DE ACCESO ADICIONAL DE MATERIA--NOMBRE DE PERSONA
Nombre de persona Chabrol, Claude.
9 (RLIN) 37742
700 1# - ENTRADA AGREGADA--NOMBRE PERSONAL
Nombre de persona Walker, Michael.
9 (RLIN) 115935
700 1# - ENTRADA AGREGADA--NOMBRE PERSONAL
Nombre de persona Marías, Miguel.
9 (RLIN) 76692
830 1# - PUNTO DE ACCESO ADICIONAL DE SERIE-TÍTULO UNIFORME
Título uniforme Arte.
-- Cine
Designación de volumen o secuencia 29.
9 (RLIN) 182700
852 ## - LOCALIZACIÓN
Ubicación ES-MaACL
Número de control de estantería C-49325
Holdings
Estatus retirado Estado de pérdida Estado de daño No para préstamo Biblioteca de origen Biblioteca actual Ubicación en estantería Fecha de adquisición Fuente de adquisición Total de préstamos Signatura topográfica completa Código de barras Visto por última vez Precio de reemplazo Tipo de ítem Koha
        Biblioteca del Ateneo de Madrid Biblioteca del Ateneo de Madrid Depósito 2 17/01/2008     C-49325 1139108 23/02/2023 23/02/2023 Libro impreso